<?xml version="1.0" encoding="UTF-8"?>
<record
    xmlns:xsi="http://www.w3.org/2001/XMLSchema-instance"
    xsi:schemaLocation="http://www.loc.gov/MARC21/slim http://www.loc.gov/standards/marcxml/schema/MARC21slim.xsd"
    xmlns="http://www.loc.gov/MARC21/slim">

  <leader>00744nam a22002173i 4500</leader>
  <controlfield tag="003">BD-RjUL</controlfield>
  <controlfield tag="005">20220925121319.0</controlfield>
  <controlfield tag="008">220923s1967    pk            ||| | urd d</controlfield>
  <datafield tag="035" ind1=" " ind2=" ">
    <subfield code="a">(BD-RjUL)</subfield>
  </datafield>
  <datafield tag="040" ind1=" " ind2=" ">
    <subfield code="a">UkOxU</subfield>
    <subfield code="b">eng</subfield>
    <subfield code="e">rda</subfield>
    <subfield code="c">UkOxU</subfield>
  </datafield>
  <datafield tag="041" ind1=" " ind2=" ">
    <subfield code="a">urd</subfield>
  </datafield>
  <datafield tag="082" ind1=" " ind2=" ">
    <subfield code="2">23</subfield>
    <subfield code="a">297.1229</subfield>
    <subfield code="b">MAT 1967</subfield>
  </datafield>
  <datafield tag="245" ind1="0" ind2="0">
    <subfield code="a">&#x62A;&#x641;&#x6BE;&#x64A;&#x645; &#x627;&#x644;&#x642;&#x631;&#x622;&#x646; /    # #   Tafh&#x12B;m al-Qur&#x2BC;&#x101;n /</subfield>
    <subfield code="c">&#x627;&#x628;&#x648; &#x627;&#x644;&#x627;&#x639;&#x644;&#x6CC; &#x645;&#x648;&#x62F;&#x648;&#x62F;&#x6CC;. # # Abul A&#x2BB;l&#xE0; Maud&#x16B;d&#x12B;,</subfield>
  </datafield>
  <datafield tag="264" ind1=" " ind2="1">
    <subfield code="a">L&#x101;haur :</subfield>
    <subfield code="b">Maktabah-yi Ta&#x2BB;m&#x12B;r-i Ins&#x101;niyyat,</subfield>
    <subfield code="c">1967</subfield>
  </datafield>
  <datafield tag="300" ind1=" " ind2=" ">
    <subfield code="a"> volumes ;</subfield>
    <subfield code="c">28 cm</subfield>
  </datafield>
  <datafield tag="505" ind1=" " ind2=" ">
    <subfield code="a">Vol. 2. Sura Araf.--</subfield>
  </datafield>
  <datafield tag="650" ind1=" " ind2=" ">
    <subfield code="a">Commentarie  Quran </subfield>
    <subfield code="9">4976</subfield>
  </datafield>
  <datafield tag="650" ind1=" " ind2=" ">
    <subfield code="a">Quran</subfield>
  </datafield>
  <datafield tag="700" ind1=" " ind2=" ">
    <subfield code="a">&#x627;&#x644;&#x645;&#x648;&#x62F;&#x648;&#x62F;&#x64A;&#x60C; &#x633;&#x64A;&#x62F; &#x627;&#x628;&#x648; &#x627;&#x644;&#x627;&#x639;&#x644;&#x649;&#x60C;, # # Mawdudi, Syed Abu Al-Ala</subfield>
    <subfield code="9">4977</subfield>
  </datafield>
  <datafield tag="942" ind1=" " ind2=" ">
    <subfield code="2">ddc</subfield>
    <subfield code="c">BK</subfield>
  </datafield>
  <datafield tag="999" ind1=" " ind2=" ">
    <subfield code="c">80424</subfield>
    <subfield code="d">80424</subfield>
  </datafield>
  <datafield tag="952" ind1=" " ind2=" ">
    <subfield code="0">0</subfield>
    <subfield code="1">0</subfield>
    <subfield code="2">ddc</subfield>
    <subfield code="4">0</subfield>
    <subfield code="7">1</subfield>
    <subfield code="8">NFIC</subfield>
    <subfield code="a">RUCL</subfield>
    <subfield code="b">RUCL</subfield>
    <subfield code="c">Reading</subfield>
    <subfield code="d">2022-09-25</subfield>
    <subfield code="l">0</subfield>
    <subfield code="o">U 297.1229 MAT V-2 1967</subfield>
    <subfield code="r">2022-09-25 00:00:00</subfield>
    <subfield code="t">C-1</subfield>
    <subfield code="w">2022-09-25</subfield>
    <subfield code="y">BK</subfield>
  </datafield>
</record>
